| 000 | 01921 a2200313 4500 | ||
|---|---|---|---|
| 001 | 22384 | ||
| 005 | 20260407155515.0 | ||
| 008 | 260407a2008 arg spa d | ||
| 003 | AR-UNSa-BCEJYS | ||
| 040 |
_aAR-UNSa-BCEJYS _bspa _cAR-UNSa-BCEJYS |
||
| 080 |
_a658.011.56 _xAutomatización |
||
| 245 | 1 | 0 |
_aSistemas de información gerencial _padministración de la empresa digital |
| 020 | _a978-970-26-1191-2 | ||
| 250 | _a10a.ed | ||
| 264 | 1 |
_aMéxico : _bPearson Educación _c2008 |
|
| 300 |
_axxxii, 644 p. _c27 cm. |
||
| 505 | _a1. Sistemas de información en los negocios globales actuales - 2. Negocios en línea globales: cómo utilizan las empresas los sistemas de información - 3. Sistemas de información, organizaciones y estrategia - 4. Aspectos éticos y sociales de los sistemas de información - 5. Infraestructura de TI y tecnologías emergentes - 6. Fundamentos de la inteligencia de negocios: administración de bases de datos e información - 7. Telecomunicaciones, internet y la tecnología inalámbrica - 8. Protección de los sistemas de información - 9. Logro de la excelencia operativa y de relaciones con el cliente: aplicaciones empresariales - 10. Comercio electrónico: mercados digitales, bienes digitales - 11. Administración del conocimiento - 12. Mejora en la toma de decisiones - 13. Construcción de sistemas - 14. Administración de proyectos: establecimiento del valor de negocios de los sistemas y la administración del cambio - 15. Administración de sistemas globales | ||
| 041 | _aspa | ||
| 942 | _cBK | ||
| 590 | _aniveau_biblio:m niveau_hierar:0 | ||
| 100 | 1 | _aLaudon, Kenneth C. | |
| 700 | 1 | _aLaudon, Jane P. | |
| 700 | 1 | _aNuñez Ramos, Antonio | |
| 700 | 1 | _aSolares Soto, Pedro Fernando | |
| 700 | 1 | _aMarroquín Tovar, Edmundo | |
| 700 | 1 | _aLópez Reyes, Ángel Alejandro | |
| 700 | 1 | _aGutiérrez Díez, Carmen | |
| 700 | 1 | _aWaldbott De Bassenheim, Carlos | |
| 999 |
_c1001 _d1001 |
||